000 00297nam a22001457a 4500
003 SGT
082 _a532 VER
100 _aVERMA,B.G
245 _aHYDRO DYNAMICS
250 _a11TH
260 _aMEERUT
_bPRAGATI PRAKASHAN
_c2015
300 _a208
653 _aHYDRO DYNAMICS
942 _2ddc
_cFPS
999 _c10004
_d10004